00488nam a2200145 a 450000100100000000500170001000800410002702000150006804000250008310000300010824501120013826000380025030000210028850400330030900004370320241130074013.0140403s2005 dr 000 0 spa d a994540525X aDO-SdBNPbspacBNPHU1 aPérez, Odalís d1952-13aEl espacio de los signos :bElementos de semiótica general y semiótica del arte /cOdalís G. Pérez. aSanto Domingo :bManatí,c2005. a253 p. ;c24 cm. aBibliografía : p. 243 -253